| 000 | 00697nam a22002057a 4500 | ||
|---|---|---|---|
| 003 | OSt | ||
| 005 | 20260130061226.0 | ||
| 008 | 260130b |||||||| |||| 00| 0 eng d | ||
| 020 | _a13: 978-1-4160-2374-6. | ||
| 040 |
_aDWC-Main Lib. _cOC |
||
| 082 |
_23rd ed. _aCirc. 610.7 C797 2006 |
||
| 100 | _aSalazar, Mary K. | ||
| 245 |
_aCore curriculum for occupation and environmental health nursing/ _cMary K. Salazar |
||
| 260 |
_aMissouri : _bSaunders/Elsevier, _cc2006. |
||
| 300 |
_axix, 587 p. : _billustration ; _c26 cm. |
||
| 650 | _a1. Environmental health. | ||
| 650 | _a2. Nursing-Education. | ||
| 650 | _a3. Occupational health nursing. | ||
| 942 |
_2ddc _cBK-CIRC _e3rd ed. _hCirc. _n0 |
||
| 999 |
_c8035 _d8035 |
||